000 00794nam a22002772i 4500
999 _c9886
_d9886
001 9886
003 BD-JhCC
005 20180403123459.0
008 500101s1976 maua b 001 0 eng d
020 _a0395206669
035 _aOCLC ocm02201899 from D950808M
_a(BD-JhCC)9886
040 _aDLC
_cDLC
_dEQO
_dBD-JhCC
041 _aeng
050 0 _aGF41
_b.F64
082 _a301.31
_bFOI 1976
100 1 _aFoin, Theodore C.
245 1 0 _aEcological systems and the environment /
_cTheodore C. Foin, Jr
260 _aBoston :
_bHoughton Mifflin,
_cc1976.
300 _axv, 591 p. :
_bill. ;
_c24 cm
504 _aIncludes bibliographies and index
650 0 _aHuman ecology
650 0 _aEnvironmental policy
650 0 _aEnvironmental protection
942 _2ddc
_cREF